Statistics for Top Year-End Rap Albums In 2020 (Billboard)

Click here to take the quiz!

General Stats

  • This quiz has been taken 76 times
  • The average score is 13 of 20

Answer Stats

ArtistAlbum% Correct
Lil BabyMy Turn
81%
Lil Uzi VertEternal Atake
80%
Post MaloneHollywood's Bleeding
80%
Juice WRLDLegends Never Die
80%
Polo GThe GOAT
80%
Travis ScottASTROWORLD
75%
Roddy RicchPlease Excuse Me For Being Antisocial
73%
Juice WRLDDeath Race For Love
72%
DrakeScorpion
70%
Pop SmokeShoot For The Stars Aim For The Moon
70%
GunnaWunna
67%
Post Malonebeerbongs & bentleys
66%
DababyKIRK
64%
EminemMusic To Be Murdered By
63%
Post MaloneStoney
63%
DababyBLAME IT ON BABY
56%
DrakeDark Lane Demo Tapes
56%
Juice WRLDGoodbye & Good Riddance
52%
FutureHigh Off Life
45%
Rod WavePray 4 Love
22%

Score Distribution

Percentile by Number Answered

Percent of People with Each Score

Your Score History

You have not taken this quiz